| 000 | 00719nam a2200241Ia 4500 | ||
|---|---|---|---|
| 003 | OSt | ||
| 005 | 20221005101649.0 | ||
| 006 | a|||||r|||| 00| 0 | ||
| 007 | ta | ||
| 008 | 221004b |||||||| |||| 00| 0 mal d | ||
| 024 | _a52937 | ||
| 037 | _cTextual | ||
| 040 |
_aCRL _cCRL _bmal |
||
| 041 |
_2mal _amal |
||
| 082 | _aOwN, 32K7 | ||
| 100 |
_aJayakumar Vijayalayam _9622475 |
||
| 245 | 0 | _aPremavum vishu sahityakaranmarum = Collection of essays for the love affais of great writers | |
| 260 |
_aTrichur _bMangalodayam India _c1967 |
||
| 300 |
_a258 _ccm. |
||
| 650 |
_aMALAYALAM LITERATURE _938866 |
||
| 942 |
_hOwN, 32K7 _cTEXL _2cc |
||
| 999 |
_c1007137 _d1007137 |
||